Farley v Skinner (Record no. 68709)
[ view plain ]
| 000 -LEADER | |
|---|---|
| fixed length control field | 01976cam a2200241 4500 |
| 001 - CONTROL NUMBER | |
| control field | ABS64727 |
| 008 - FIXED-LENGTH DATA ELEMENTS--GENERAL INFORMATION | |
| fixed length control field | 011030n2001 000 0 eng u |
| 035 ## - SYSTEM CONTROL NUMBER | |
| System control number | (Sirsi) u115386 |
| 245 ## - TITLE STATEMENT | |
| Title | Farley v Skinner |
| 260 ## - PUBLICATION, DISTRIBUTION, ETC. | |
| Date of publication, distribution, etc. | 2001 |
| 490 ## - SERIES STATEMENT | |
| Series statement | Weekly Law Reports |
| Volume/sequential designation | [2001] 3 WLR 899-932(34) |
| 520 ## - SUMMARY, ETC. | |
| Summary, etc. | HL 11 October 2001. Claimant purchaser F engaged chartered surveyor S to investigate whether the property in Blackboys,Sussex which he intended to purchase would be affected by aircraft noise, with clear instructions that he did not wish to purchase a property which was on a flight path. On receiving S's report which stated that it was unlikely that the property would be affected by aircraft noise but noted that some planes would cross the area depending upon the direction of the wind and the position of the flight path, F proceeded with the purchase. After moving into the property F found that it was affected by aircraft noise. The HC dismissed F's claim for damages for diminution in value but awarded £10,000 non-pecuniary damages for the distress and inconvenience applying "Watts v Morrow" 1991. CA set aside the award on the grounds that the circumstances of the case did not fall within the exceptions for the award of damages for where there is no physical discomfort or inconvenience. HL held that F was entitled to recover non-pecuniary damages from S for distress and inconvenience and reinstated the #10,000 award set by the HC. Appeal allowed. CA decision reversed. Full copy of HL judgement available on http://www.parliament.the-stationery-office.co.uk/pa/ld200102/ldjudgmt/jd011011/farley-1.htm |
| 590 ## - LOCAL NOTE (RLIN) | |
| Local note | ABS |
| 650 ## - SUBJECT ADDED ENTRY--TOPICAL TERM | |
| Topical term or geographic name entry element | FARLEY V SKINNER |
| 650 ## - SUBJECT ADDED ENTRY--TOPICAL TERM | |
| Topical term or geographic name entry element | AIRCRAFT NOISE |
| 650 ## - SUBJECT ADDED ENTRY--TOPICAL TERM | |
| Topical term or geographic name entry element | WATTS V MORROW |
| 650 ## - SUBJECT ADDED ENTRY--TOPICAL TERM | |
| Topical term or geographic name entry element | DAMAGES |
| 650 ## - SUBJECT ADDED ENTRY--TOPICAL TERM | |
| Topical term or geographic name entry element | INCONVENIENCE |
| 650 ## - SUBJECT ADDED ENTRY--TOPICAL TERM | |
| Topical term or geographic name entry element | NEGLIGENCE |
| 650 ## - SUBJECT ADDED ENTRY--TOPICAL TERM | |
| Topical term or geographic name entry element | CASE LAW |
| 856 ## - ELECTRONIC LOCATION AND ACCESS | |
| Uniform Resource Identifier | <a href="https://www.parliament.the-stationery-office.co.uk/pa/ld200102/ldjudgmt/jd011011/farley-1.htm">https://www.parliament.the-stationery-office.co.uk/pa/ld200102/ldjudgmt/jd011011/farley-1.htm</a> |
| 942 ## - ADDED ENTRY ELEMENTS (KOHA) | |
| Suppress in OPAC | 0 |
| Withdrawn status | Lost status | Source of classification or shelving scheme | Damaged status | Not for loan | Home library | Current library | Shelving location | Date acquired | Total Checkouts | Full call number | Barcode | Date last seen | Copy number | Price effective from | Koha item type |
|---|---|---|---|---|---|---|---|---|---|---|---|---|---|---|---|
| Dewey Decimal Classification | London | London | Journals | 30/10/2001 | ABS64727 | 115386-1001 | 06/08/2019 | 1 | 06/08/2019 | Law report |